01293cam a22003255a 4500001001000000003000400010005001700014008004100031020001800072040004000090082001900130100003800149245010300187250001200290260007200302300003400374500002400408504003100432630001200463650004000475650005700515651001000572653003300582655002400615700002200639942000800661999001700669952013900686952014200825016584303OSt20201128021327.0131118s2014 enka frb 001 0 eng d a9780080993881 aStDuBDSbengcStDuBDSdUkdEG-ScBUE04a620.2222bGIA1 aGiannakopoulos, Theodoros.93839610aIntroduction to audio analysis :ba MATLAB approach /cTheodoros Giannakopoulos, Aggelos Pikrakis. a1st ed. aOxford ;aWaltham ;aSan Diego :bAcademic Press / Elsevier,c2014. axvi, 266 p. :bill. ;c24 cm. aIndex : p. 259-266. aBibliography : p. 251-258.00aMATLAB. 0aAcoustical engineering.2BUEsh9319 7aNumerical analysisxComputer programs.2BUEsh917882 2BUEsh bENGGENcJune2015cAugust2015 vreading book934232 aPikrakis, Aggelos 2ddc c19839d19811 00102ddc40708AlahramaMAINbMAINc1STd2015-06-23epurchaseg578.00h337l0o620.2 GIAp000038928r2025-07-15 00:00:00v722.50yBB 00102ddc40708BaccahaMAINbMAINc1STd2018-05-21ePurchaseg799.50h2000088l0o620.2 GIAp000047808r2025-07-15 00:00:00v999.38yBB